[Event "4. Open Hotel Avenida de Canarias 2010"]
[Site "Vecindario ESP"]
[Date "2010.07.25"]
[Round "9.9"]
[White "Leon Varela, Luis"]
[Black "Hernandez Leon, Alberto"]
[Result "0-1"]
[WhiteElo "2170"]
[BlackElo "2274"]
[PlyCount "158"]
[EventDate "2010.07.18"]
[EventType "swiss"]
[EventRounds "9"]
[EventCountry "ESP"]
[Source "lmi"]
[SourceDate "2010.07.18"]

1. d4 c5 2. d5 g6 3. h4 Nf6 4. Nc3 d6 5. e4 Bg7 6. Be2 O-O 7. h5 Re8 8. hxg6
fxg6 9. Bg5 Qa5 10. Qd2 Na6 11. e5 dxe5 12. Bc4 Nc7 13. Nf3 Rd8 14. d6+ Ne6 15.
d7 Bxd7 16. Nxe5 Bc8 17. Qe2 Rd6 18. Bd2 Qd8 19. Nb5 Rd5 20. Bxd5 Nxd5 21.
O-O-O a6 22. Bh6 axb5 23. Bxg7 Rxa2 24. Nxg6 Ra1+ 25. Kd2 Ndf4+ 26. Ke3 Rxd1
27. Qxd1 Qxd1 28. Rxd1 Nxg6 29. Bh6 Ne5 30. f3 Kf7 31. Kf2 b4 32. b3 b6 33. Be3
Nc6 34. Rh1 Kg6 35. c3 bxc3 36. Rc1 c2 37. Rxc2 Ned4 38. Bxd4 Nxd4 39. Rd2 Nxb3
40. Rd8 Be6 41. Rb8 c4 42. Rxb6 Kf5 43. Ke3 Ke5 44. Rb5+ Kd6 45. g4 Bd5 46. Rb8
Nc5 47. Rd8+ Ke6 48. Rc8 Nd3 49. f4 Nb2 50. Kd4 Bf3 51. Rb8 Nd1 52. Rb6+ Kd7
53. Kxc4 Ne3+ 54. Kd4 Nxg4 55. Rb3 Bc6 56. Rh3 Nf6 57. Ke5 Ke8 58. Rc3 Bd7 59.
f5 Kf7 60. Rh3 h5 61. Kf4 Bb5 62. Kg5 Be2 63. Re3 Bg4 64. Re5 Ne8 65. Re1 Nd6
66. f6 exf6+ 67. Kf4 Kg6 68. Ra1 Nf7 69. Ra8 Nh6 70. Rh8 h4 71. Ra8 h3 72. Kg3
Kg5 73. Rh8 f5 74. Rf8 f4+ 75. Kh2 f3 76. Kg3 Nf5+ 77. Kh2 f2 78. Rh8 Nh6 79.
Rf8 Bf5 0-1

[Event "4. Open Hotel Avenida de Canarias 2010"]
[Site "Vecindario ESP"]
[Date "2010.07.25"]
[Round "9.10"]
[White "Angel Acosta, Juan Carlos"]
[Black "Larino Nieto, David"]
[Result "1-0"]
[WhiteElo "2160"]
[BlackElo "2461"]
[PlyCount "109"]
[EventDate "2010.07.18"]
[EventType "swiss"]
[EventRounds "9"]
[EventCountry "ESP"]
[Source "lmi"]
[SourceDate "2010.07.18"]

1. d4 Nf6 2. Nf3 g6 3. g3 c5 4. Bg2 cxd4 5. O-O Bg7 6. Nxd4 O-O 7. c4 Qc7 8. b3
Nc6 9. Bb2 Rb8 10. Nc2 b5 11. cxb5 Rxb5 12. Nc3 Rh5 13. Ne3 Bb7 14. Bf3 Re5 15.
Na4 Rg5 16. Rc1 Ba8 17. Qd2 Bh6 18. Bxf6 exf6 19. Rfd1 Qb8 20. Nc5 Ne5 21. Bxa8
Qxa8 22. f4 Rh5 23. Nxd7 Nxd7 24. Qxd7 Qe4 25. Qd3 Qe6 26. Nf1 Re8 27. e3 Bf8
28. Qd7 Ra5 29. Qxe6 Rxe6 30. Rc2 Rea6 31. Rdd2 Bb4 32. Rd4 Bf8 33. a4 Rb6 34.
Rd3 Rc5 35. Rxc5 Bxc5 36. Nd2 Rd6 37. Rxd6 Bxd6 38. Kf2 Kf8 39. Ke2 Ke7 40. Kd3
Ke6 41. Nf3 Kd5 42. e4+ Kc5 43. Kc3 a5 44. Ne1 h5 45. Nd3+ Kc6 46. Kc4 g5 47.
e5 Bc7 48. b4 g4 49. b5+ Kd7 50. Kc5 fxe5 51. Nxe5+ Ke6 52. b6 Bd6+ 53. Kb5 h4
54. Nxg4 Kf5 55. Nf2 1-0

[Event "4. Open Hotel Avenida de Canarias 2010"]
[Site "Vecindario ESP"]
[Date "2010.07.25"]
[Round "9.11"]
[White "Inigo Munoz, Javier"]
[Black "Garcia Padron, Jose"]
[Result "1-0"]
[WhiteElo "2144"]
[BlackElo "2455"]
[PlyCount "55"]
[EventDate "2010.07.18"]
[EventType "swiss"]
[EventRounds "9"]
[EventCountry "ESP"]
[Source "lmi"]
[SourceDate "2010.07.18"]

1. d4 Nf6 2. e3 g6 3. Bd3 Bg7 4. Nd2 O-O 5. f4 d6 6. Ngf3 Nbd7 7. O-O e5 8. f5
Qe7 9. dxe5 Nxe5 10. Nxe5 Qxe5 11. Qf3 d5 12. g4 gxf5 13. gxf5 Bd7 14. Qh3 Qe7
15. Rf4 Kh8 16. Nf3 Rg8 17. Kf1 h6 18. Rh4 Nh7 19. e4 dxe4 20. Rxe4 Qc5 21. Rh4
Bc6 22. Bxh6 Bxf3 23. Bg5 Bg2+ 24. Kxg2 Bh6 25. Rxh6 Rxg5+ 26. Kf3 Rg7 27. f6
Kg8 28. Bxh7+ 1-0

[Event "4. Open Hotel Avenida de Canarias 2010"]
[Site "Vecindario ESP"]
[Date "2010.07.25"]
[Round "9.12"]
[White "Vidarte Morales, Arturo"]
[Black "Hernandez Leon, Sergio"]
[Result "1/2-1/2"]
[WhiteElo "2409"]
[BlackElo "2131"]
[PlyCount "120"]
[EventDate "2010.07.18"]
[EventType "swiss"]
[EventRounds "9"]
[EventCountry "ESP"]
[Source "lmi"]
[SourceDate "2010.07.18"]

1. d4 d5 2. c4 c6 3. Nf3 e6 4. Qc2 f5 5. g3 Nf6 6. Bg2 Bd6 7. O-O O-O 8. b3 Qe7
9. Nbd2 Nbd7 10. Bb2 Ne4 11. Ne5 Nxd2 12. Qxd2 Nxe5 13. dxe5 Bc7 14. Rac1 Rd8
15. Qc2 a5 16. Rfd1 Bb6 17. e3 Bd7 18. Bd4 Bxd4 19. Rxd4 b5 20. Rdd1 a4 21.
cxb5 cxb5 22. Qc5 Qxc5 23. Rxc5 axb3 24. axb3 Rac8 25. Rdc1 Rxc5 26. Rxc5 Rc8
27. Rxc8+ Bxc8 28. b4 Kf7 29. Kf1 Ke7 30. Ke2 Kd7 31. Kd3 Kc6 32. Kd4 Kb6 33.
f3 Bb7 34. Bf1 Bc6 35. Bd3 g6 36. Bc2 Bb7 37. Bb3 Bc8 38. e4 dxe4 39. fxe4 fxe4
40. Kxe4 Bd7 41. Kd4 Kc6 42. Bc2 Be8 43. Ke4 Kc7 44. Bb3 Bf7 45. h4 h6 46. Kd4
Kc6 47. Bc2 Be8 48. Be4+ Kb6 49. h5 g5 50. Bg6 Bc6 51. Bf7 Bd5 52. Bg8 Bc4 53.
Bh7 Bd5 54. Bc2 Kc6 55. Bd3 Bf3 56. Bg6 Be2 57. Be8+ Kb6 58. Ke3 Bd1 59. Kd3
Bf3 60. Kd4 Bd1 1/2-1/2

[Event "4. Open Hotel Avenida de Canarias 2010"]
[Site "Vecindario ESP"]
[Date "2010.07.25"]
[Round "9.13"]
[White "Fidalgo Fernandez, Lucia"]
[Black "Martinez Martin, David"]
[Result "0-1"]
[WhiteElo "2102"]
[BlackElo "2406"]
[PlyCount "34"]
[EventDate "2010.07.18"]
[EventType "swiss"]
[EventRounds "9"]
[EventCountry "ESP"]
[Source "lmi"]
[SourceDate "2010.07.18"]

1. d4 Nf6 2. c4 g6 3. Nc3 Bg7 4. e4 d6 5. f3 O-O 6. Be3 Nfd7 7. Bd3 c5 8. d5
Ne5 9. Nge2 Nbd7 10. b3 Nxd3+ 11. Qxd3 b5 12. cxb5 a6 13. Rc1 axb5 14. Qd2 b4
15. Nd1 Qa5 16. Rc2 Ba6 17. Nc1 f5 0-1

[Event "4. Open Hotel Avenida de Canarias 2010"]
[Site "Vecindario ESP"]
[Date "2010.07.25"]
[Round "9.14"]
[White "Rudolf, Anna"]
[Black "Rodriguez Perez, David"]
[Result "0-1"]
[WhiteElo "2393"]
[BlackElo "2039"]
[PlyCount "96"]
[EventDate "2010.07.18"]
[EventType "swiss"]
[EventRounds "9"]
[EventCountry "ESP"]
[Source "lmi"]
[SourceDate "2010.07.18"]

1. e4 c5 2. Nf3 d6 3. d4 cxd4 4. Nxd4 Nf6 5. Nc3 g6 6. Bc4 Bg7 7. O-O O-O 8.
Re1 a6 9. Bf1 b5 10. a4 b4 11. Nd5 Bb7 12. Bg5 Bxd5 13. exd5 h6 14. Bh4 Ra7 15.
Bc4 Qa5 16. Qd2 Qc5 17. Ba2 Rc8 18. Rac1 Rac7 19. Rcd1 Qa7 20. Bb3 Qb7 21. Qe2
Rd7 22. Rd3 Nxd5 23. Ne6 Nf6 24. Nxg7 Kxg7 25. Bxf6+ exf6 26. Qd2 Qb6 27. h3
Rcd8 28. Bd5 Nc6 29. Rde3 Qd4 30. Rd3 Qc5 31. Kh2 Ne7 32. Re4 a5 33. Rh4 g5 34.
Rhd4 Nxd5 35. Rxd5 Qc7 36. Rf3 Re7 37. Rdf5 d5+ 38. g3 Re6 39. h4 Rdd6 40. hxg5
hxg5 41. Qd4 Kg6 42. Qd3 Kg7 43. Qd4 Kg6 44. Rxd5 Rxd5 45. Qxd5 Qxc2 46. b3 Kg7
47. Qxa5 Qh7+ 48. Kg2 Re1 0-1

[Event "4. Open Hotel Avenida de Canarias 2010"]
[Site "Vecindario ESP"]
[Date "2010.07.25"]
[Round "9.15"]
[White "Sanchez Quintero, Raul"]
[Black "Menvielle Laccourreye, Augusto"]
[Result "0-1"]
[WhiteElo "2094"]
[BlackElo "2245"]
[PlyCount "76"]
[EventDate "2010.07.18"]
[EventType "swiss"]
[EventRounds "9"]
[EventCountry "ESP"]
[Source "lmi"]
[SourceDate "2010.07.18"]

1. e4 e6 2. d3 c5 3. g3 Nc6 4. Bg2 g6 5. Ne2 Bg7 6. O-O Nge7 7. c3 e5 8. Na3 d5
9. exd5 Nxd5 10. Nc4 O-O 11. a4 Be6 12. a5 Qd7 13. a6 b6 14. Qa4 Rad8 15. Bg5
f6 16. Be3 Bg4 17. Nc1 Nce7 18. Qxd7 Rxd7 19. Re1 Rfd8 20. Na3 Nxe3 21. fxe3
Bf5 22. e4 Be6 23. Bf1 Nc6 24. Nb5 Re7 25. b3 Bc8 26. Ra4 Bh6 27. d4 exd4 28.
cxd4 Nxd4 29. Nxd4 cxd4 30. Bd3 Be6 31. Bc4 Bxc4 32. Rxc4 f5 33. e5 d3 34. Rd1
d2 35. Ne2 Rxe5 36. Kf2 Be3+ 37. Kf3 g5 38. Rc7 b5 0-1

[Event "4. Open Hotel Avenida de Canarias 2010"]
[Site "Vecindario ESP"]
[Date "2010.07.25"]
[Round "9.16"]
[White "Majul, Isolina"]
[Black "Morales Camacho, Julian"]
[Result "0-1"]
[WhiteElo "2099"]
[BlackElo "2223"]
[PlyCount "106"]
[EventDate "2010.07.18"]
[EventType "swiss"]
[EventRounds "9"]
[EventCountry "ESP"]
[Source "lmi"]
[SourceDate "2010.07.18"]

1. e4 e6 2. d4 d5 3. Nc3 Bb4 4. e5 b6 5. a3 Bf8 6. f4 a5 7. Qf3 Ne7 8. g4 Qd7
9. Be3 c6 10. Nge2 Na6 11. Bg2 Nc7 12. O-O h5 13. h3 g6 14. Ng3 Ba6 15. Rfd1
hxg4 16. hxg4 Ng8 17. Kf2 Be7 18. Rh1 Bh4 19. Rh3 O-O-O 20. Bf1 Bxg3+ 21. Qxg3
Rxh3 22. Bxa6+ Nxa6 23. Qxh3 c5 24. Qf1 Nc7 25. Rd1 c4 26. Qh3 Ne7 27. Qh7 Rf8
28. Rh1 Qe8 29. Qg7 Nc6 30. Rh7 Nb8 31. Kf3 Nd7 32. Bf2 Kb7 33. Bh4 Kc6 34. Bg5
b5 35. Nb1 b4 36. a4 Nb6 37. Bh6 Rg8 38. Qf6 Nxa4 39. Rxf7 Nxb2 40. Re7 Qc8 41.
Rf7 c3 42. Qe7 Kb7 43. Qc5 Nc4 44. Bf8 Rxf8 45. Rxf8 Qd7 46. Rh8 Qb5 47. Qe7
Nd2+ 48. Nxd2 cxd2 49. Rh1 b3 50. Rb1 d1=Q+ 51. Rxd1 bxc2 52. Rc1 Qd3+ 53. Kf2
Qd2+ 0-1

[Event "4. Open Hotel Avenida de Canarias 2010"]
[Site "Vecindario ESP"]
[Date "2010.07.25"]
[Round "9.17"]
[White "Trujillo Alvarado, Ivan"]
[Black "Ramirez Medina, Victor"]
[Result "1-0"]
[WhiteElo "2196"]
[BlackElo "1794"]
[PlyCount "86"]
[EventDate "2010.07.18"]
[EventType "swiss"]
[EventRounds "9"]
[EventCountry "ESP"]
[Source "lmi"]
[SourceDate "2010.07.18"]

1. Nf3 Nf6 2. c4 c6 3. d4 d5 4. Qc2 dxc4 5. Qxc4 Bf5 6. Nc3 e6 7. Bg5 Be7 8. e3
Nbd7 9. Be2 O-O 10. O-O h6 11. Bh4 a5 12. a4 Re8 13. Rfd1 Qb6 14. Nd2 Bb4 15.
Qa2 e5 16. Nc4 Qa7 17. dxe5 Nxe5 18. Bxf6 gxf6 19. Nd6 Bxd6 20. Rxd6 Be6 21.
Qa3 Qb6 22. Ne4 Kg7 23. Qc3 Qb4 24. Nc5 Bc4 25. Qxb4 axb4 26. Bxc4 Nxc4 27. Rd4
Nxb2 28. Rxb4 Re5 29. Nxb7 Nd3 30. Rd4 Nb2 31. g3 Ra7 32. Nd8 Rd5 33. Rg4+ Rg5
34. Rb4 Nd3 35. Rd4 Ne5 36. f4 Nf3+ 37. Kf2 Nxd4 38. fxg5 Rd7 39. gxh6+ Kg6 40.
Rd1 Rxd8 41. Rxd4 Ra8 42. Rh4 c5 43. h7 Kg7 1-0

[Event "4. Open Hotel Avenida de Canarias 2010"]
[Site "Vecindario ESP"]
[Date "2010.07.25"]
[Round "9.18"]
[White "Thomas, Fabien"]
[Black "Natalicchio Escalante, Nicolas"]
[Result "1/2-1/2"]
[WhiteElo "2082"]
[BlackElo "2193"]
[PlyCount "46"]
[EventDate "2010.07.18"]
[EventType "swiss"]
[EventRounds "9"]
[EventCountry "ESP"]
[Source "lmi"]
[SourceDate "2010.07.18"]

1. e4 c5 2. Nf3 d6 3. d4 cxd4 4. Nxd4 Nf6 5. Nc3 g6 6. Be3 Bg7 7. f3 Nc6 8. Qd2
O-O 9. Bc4 Bd7 10. O-O-O Rc8 11. Bb3 Nxd4 12. Bxd4 b5 13. e5 dxe5 14. Bxe5 Bc6
15. Qxd8 Rfxd8 16. Rxd8+ Rxd8 17. Rd1 Bh6+ 18. Kb1 Rxd1+ 19. Nxd1 Nd5 20. c4
Nf4 21. cxb5 Bxb5 22. g3 Ne2 23. Nc3 Bd3+ 1/2-1/2

[Event "4. Open Hotel Avenida de Canarias 2010"]
[Site "Vecindario ESP"]
[Date "2010.07.25"]
[Round "9.19"]
[White "Cruz Pino, Adrian"]
[Black "Gutierrez Olivares, Daniel"]
[Result "1/2-1/2"]
[WhiteElo "1871"]
[BlackElo "2167"]
[PlyCount "46"]
[EventDate "2010.07.18"]
[EventType "swiss"]
[EventRounds "9"]
[EventCountry "ESP"]
[Source "lmi"]
[SourceDate "2010.07.18"]

1. e4 e6 2. d4 d5 3. Nc3 Bb4 4. e5 Ne7 5. f4 b6 6. Bd2 Bxc3 7. Bxc3 Ba6 8. Bxa6
Nxa6 9. Nf3 Nf5 10. Qd2 c5 11. Qf2 O-O 12. O-O Rc8 13. Rac1 b5 14. a3 b4 15.
axb4 cxb4 16. Bd2 Rc6 17. g4 Ne7 18. Qg3 Qd7 19. Kh1 Rfc8 20. c3 bxc3 21. bxc3
Nc7 22. Ne1 Nb5 23. Nd3 Nxc3 1/2-1/2

[Event "4. Open Hotel Avenida de Canarias 2010"]
[Site "Vecindario ESP"]
[Date "2010.07.25"]
[Round "9.20"]
[White "Gonzalez Perez, Lutgarda"]
[Black "Vega Gutierrez, Sabrina"]
[Result "0-1"]
[WhiteElo "2133"]
[BlackElo "2373"]
[PlyCount "72"]
[EventDate "2010.07.18"]
[EventType "swiss"]
[EventRounds "9"]
[EventCountry "ESP"]
[Source "lmi"]
[SourceDate "2010.07.18"]

1. d4 d5 2. Nf3 Nf6 3. g3 c6 4. Bg2 Bg4 5. O-O Nbd7 6. Nbd2 e6 7. b3 Be7 8. Bb2
O-O 9. Ne5 Bf5 10. f3 c5 11. g4 Bg6 12. h4 cxd4 13. Nxd7 Nxd7 14. h5 Bc5 15.
hxg6 d3+ 16. Kh2 Qh4+ 17. Bh3 Be3 18. f4 Bf2 19. Rxf2 Qxf2+ 20. Kh1 dxe2 21.
Qg1 Qxf4 22. Qd4 Qxd4 23. gxh7+ Kxh7 24. Bxd4 Rac8 25. c4 dxc4 26. bxc4 Rfd8
27. Re1 Nb6 28. Be3 Nxc4 29. Nxc4 Rd1 30. Bf2 Rxc4 31. Kg2 Rc3 32. g5 Rxe1 33.
Bxe1 Ra3 34. Bg4 Rxa2 35. Kf2 Kg6 36. Bxe2 Kxg5 0-1

[Event "4. Open Hotel Avenida de Canarias 2010"]
[Site "Vecindario ESP"]
[Date "2010.07.25"]
[Round "9.21"]
[White "Carmona Ojeda, Victor"]
[Black "Garcia Blanco, Omar"]
[Result "0-1"]
[WhiteElo "1540"]
[BlackElo "2179"]
[PlyCount "54"]
[EventDate "2010.07.18"]
[EventType "swiss"]
[EventRounds "9"]
[EventCountry "ESP"]
[Source "lmi"]
[SourceDate "2010.07.18"]

1. e4 c5 2. Nf3 e6 3. Nc3 a6 4. d4 cxd4 5. Nxd4 Qc7 6. Bd3 Nc6 7. Nf3 Nf6 8.
Qe2 d6 9. a3 Be7 10. Bd2 O-O 11. O-O-O b5 12. Rdg1 Bb7 13. h4 Rac8 14. Na2 Nd7
15. c3 Nc5 16. Bc2 a5 17. Kb1 Ba6 18. Qd1 Ra8 19. Ng5 h6 20. Rh2 b4 21. cxb4
Nd3 22. bxa5 Rab8 23. Bc3 Nce5 24. Bxd3 Nxd3 25. Nh3 Rfc8 26. Ka1 Nxb2 27. g3
Nxd1 0-1

[Event "4. Open Hotel Avenida de Canarias 2010"]
[Site "Vecindario ESP"]
[Date "2010.07.25"]
[Round "9.23"]
[White "Stojanovic, Marija R"]
[Black "Rodrigo Yanguas, Maria"]
[Result "1-0"]
[WhiteElo "2151"]
[BlackElo "2092"]
[PlyCount "41"]
[EventDate "2010.07.18"]
[EventType "swiss"]
[EventRounds "9"]
[EventCountry "ESP"]
[Source "lmi"]
[SourceDate "2010.07.18"]

1. e4 e6 2. d4 d5 3. Nd2 Be7 4. Ngf3 Nf6 5. exd5 exd5 6. Bd3 Bg4 7. c3 Nc6 8.
Qc2 h6 9. O-O Bd6 10. Re1+ Ne7 11. Ne5 Bxe5 12. Rxe5 Qd6 13. Nf1 O-O-O 14. b4
g5 15. b5 Nh5 16. Qa4 Ng6 17. Ba3 Qb6 18. Bxg6 Qxg6 19. Qxa7 Rhe8 20. Qa8+ Kd7
21. Rxd5+ 1-0

[Event "4. Open Hotel Avenida de Canarias 2010"]
[Site "Vecindario ESP"]
[Date "2010.07.25"]
[Round "9.24"]
[White "Aguila Hernandez, Eduardo"]
[Black "Villavicencio Martinez, Carlos"]
[Result "0-1"]
[WhiteElo "1734"]
[BlackElo "2134"]
[PlyCount "80"]
[EventDate "2010.07.18"]
[EventType "swiss"]
[EventRounds "9"]
[EventCountry "ESP"]
[Source "lmi"]
[SourceDate "2010.07.18"]

1. e4 c5 2. Nf3 e6 3. d4 cxd4 4. Nxd4 a6 5. Bd3 Nf6 6. O-O Qc7 7. c4 Nc6 8. Nb3
b6 9. Nc3 d6 10. Be3 Be7 11. f4 O-O 12. a3 Bb7 13. Qc2 g6 14. Na4 Nd7 15. Qf2
Nc5 16. Naxc5 bxc5 17. f5 Ne5 18. Qc2 exf5 19. exf5 Rfe8 20. fxg6 fxg6 21. h3
Rab8 22. Bh6 Bf8 23. Bxf8 Rxf8 24. Nd2 Rbe8 25. Rxf8+ Rxf8 26. Rf1 Rxf1+ 27.
Kxf1 Qf7+ 28. Kg1 Qf4 29. Be4 Qe3+ 30. Kh1 Bxe4 31. Nxe4 Nd3 32. Nf6+ Kf7 33.
Nd5 Qe1+ 34. Kh2 Qe5+ 35. Kg1 Nxb2 36. Qf2+ Kg7 37. Qh4 g5 38. Qg4 Qd4+ 39. Kf1
Qxg4 40. hxg4 Nxc4 0-1

[Event "4. Open Hotel Avenida de Canarias 2010"]
[Site "Vecindario ESP"]
[Date "2010.07.25"]
[Round "9.25"]
[White "Korneev, Svyatoslav"]
[Black "Gonzalez Intelangelo, Gerardo"]
[Result "0-1"]
[WhiteElo "1724"]
[BlackElo "2104"]
[PlyCount "110"]
[EventDate "2010.07.18"]
[EventType "swiss"]
[EventRounds "9"]
[EventCountry "ESP"]
[Source "lmi"]
[SourceDate "2010.07.18"]

1. c4 Nf6 2. g3 c6 3. Nf3 d5 4. b3 e6 5. Bg2 Be7 6. Bb2 Nbd7 7. d3 O-O 8. O-O
b6 9. e3 Bb7 10. Qe2 c5 11. Nbd2 Qc7 12. d4 Rac8 13. Ne5 dxc4 14. Bxb7 Qxb7 15.
Nxd7 Nxd7 16. Nxc4 b5 17. Nd2 cxd4 18. exd4 Rc2 19. Qd3 Rxb2 20. Qc3 Ba3 21. b4
Qa6 22. Nb1 Rxb1 23. Raxb1 Rc8 24. Qf3 Nb6 25. Rb3 Nc4 26. Rd1 Rd8 27. Qh5 Bb2
28. Rf3 Qb7 29. Qh4 Rd7 30. Rb3 e5 31. d5 Bd4 32. g4 Qxd5 33. Rdd3 Qe4 34. Qh3
Nd2 35. Rxd2 Qe1+ 36. Kg2 Qxd2 37. Qf3 Rd8 38. Qf5 g6 39. Qf6 Qxf2+ 40. Qxf2
Bxf2 41. Kxf2 Rd2+ 42. Ke3 Rxa2 43. Ke4 Re2+ 44. Kd5 Kg7 45. h3 Kf6 46. Ra3
Rd2+ 47. Kc5 Rd7 48. Kxb5 e4 49. Kc4 Ke5 50. Kc5 f5 51. Kc6 Rf7 52. gxf5 gxf5
53. Rg3 f4 54. Rg5+ Kd4 55. Rd5+ Ke3 0-1

[Event "4. Open Hotel Avenida de Canarias 2010"]
[Site "Vecindario ESP"]
[Date "2010.07.25"]
[Round "9.26"]
[White "De La Hoz Sanchez, Ruben"]
[Black "Arencibia Jimenez, Jose Francis"]
[Result "1-0"]
[WhiteElo "2027"]
[BlackElo "1744"]
[PlyCount "117"]
[EventDate "2010.07.18"]
[EventType "swiss"]
[EventRounds "9"]
[EventCountry "ESP"]
[Source "lmi"]
[SourceDate "2010.07.18"]

1. e4 g6 2. d4 Bg7 3. f4 c5 4. c3 cxd4 5. cxd4 d6 6. e5 dxe5 7. dxe5 Qb6 8. Nc3
Nh6 9. Bb5+ Bd7 10. Nd5 Qd8 11. Qa4 O-O 12. Be3 e6 13. Nc3 a6 14. Bxd7 Nxd7 15.
Rd1 b5 16. Qd4 Nf5 17. Qd2 Qc7 18. Qxd7 Qxd7 19. Rxd7 Nxe3 20. Kf2 Nc4 21. b3
Nb6 22. Rd6 Nc8 23. Rd3 Nb6 24. Nge2 b4 25. Ne4 Nd5 26. Rc1 Rfc8 27. Rdd1 f6
28. exf6 Bxf6 29. Rxd5 exd5 30. Nxf6+ Kg7 31. Nxd5 Rxc1 32. Nxc1 a5 33. Nb6 Ra6
34. Nc4 a4 35. Nd3 axb3 36. axb3 Ra8 37. Ke3 Ra1 38. Nd2 Rh1 39. h3 Rd1 40. Ke2
Ra1 41. Nxb4 Kf6 42. Nd3 h6 43. g4 Rh1 44. Nf2 Rc1 45. Kd3 h5 46. b4 Ke6 47.
Nde4 hxg4 48. hxg4 Kd5 49. Nc3+ Ke6 50. Kc4 Rg1 51. g5 Rc1 52. b5 Kd6 53. Nd3
Rf1 54. Kd4 Rf3 55. b6 Rh3 56. Ne5 Ke6 57. b7 Rh8 58. Nc6 Kf5 59. Nd5 1-0

[Event "4. Open Hotel Avenida de Canarias 2010"]
[Site "Vecindario ESP"]
[Date "2010.07.25"]
[Round "9.27"]
[White "Rojas Mirabal, Pedro"]
[Black "Ruiz Delgado, Basilio"]
[Result "1/2-1/2"]
[WhiteElo "1996"]
[BlackElo "1720"]
[PlyCount "55"]
[EventDate "2010.07.18"]
[EventType "swiss"]
[EventRounds "9"]
[EventCountry "ESP"]
[Source "lmi"]
[SourceDate "2010.07.18"]

1. e4 c6 2. d4 d5 3. Nc3 dxe4 4. Nxe4 Nd7 5. Bc4 Ngf6 6. Ng5 e6 7. Ne2 h6 8.
Nf3 Nb6 9. Bd3 c5 10. dxc5 Bxc5 11. O-O O-O 12. c3 Nbd5 13. Nf4 Qc7 14. Nxd5
Nxd5 15. Qe1 Nf6 16. Be3 b6 17. Bd4 Bxd4 18. Nxd4 Bb7 19. f3 Rfd8 20. Rd1 Qc5
21. Kh1 Rd7 22. Qe2 Rad8 23. Nb3 Qc7 24. Bc2 Bd5 25. Qe3 Bc4 26. Rfe1 Rd5 27.
Rxd5 Rxd5 28. Rd1 1/2-1/2

[Event "4. Open Hotel Avenida de Canarias 2010"]
[Site "Vecindario ESP"]
[Date "2010.07.25"]
[Round "9.28"]
[White "Sanchez Montesdeoca, Isaac"]
[Black "Martin Hernandez, Ruben"]
[Result "0-1"]
[WhiteElo "1705"]
[BlackElo "1988"]
[PlyCount "135"]
[EventDate "2010.07.18"]
[EventType "swiss"]
[EventRounds "9"]
[EventCountry "ESP"]
[Source "lmi"]
[SourceDate "2010.07.18"]

1. e4 c5 2. Nf3 e6 3. d4 cxd4 4. Nxd4 a6 5. Nc3 Qc7 6. Be3 Bb4 7. Bd2 Nf6 8.
Bd3 Nc6 9. Nf3 Bc5 10. Qe2 Ng4 11. Be3 Nxe3 12. fxe3 b5 13. O-O Ne5 14. Nd4 O-O
15. Kh1 Bb7 16. Rae1 Rac8 17. Qh5 d6 18. Nce2 Bb6 19. Ng3 b4 20. Nf3 Qc5 21.
Qh3 Rc7 22. Nh5 Ng6 23. e5 Bxf3 24. Rxf3 dxe5 25. b3 Qc6 26. Bc4 Rd7 27. Rf2
Bc7 28. e4 Bb6 29. Rfe2 a5 30. Rf1 Rd4 31. Qf3 Qd7 32. Bd3 Qe7 33. g3 Rc8 34.
Kg2 Rc7 35. Kh1 Ra7 36. Kg2 a4 37. Kh1 axb3 38. axb3 Rd6 39. Kg2 Bd4 40. Ree1
Rdd7 41. Kh1 Rdc7 42. Rd1 Ra2 43. Rc1 Qg5 44. Qe2 Qe3 45. Qg2 Nf8 46. Rce1 Qg5
47. Qf3 Qg6 48. Re2 Nd7 49. Bc4 Ra3 50. Bd3 Nc5 51. Bc4 Na4 52. Bd3 Nc5 53. Bc4
Rca7 54. Bd3 Nxd3 55. cxd3 Rxb3 56. Rc2 Rc3 57. Rb2 Bc5 58. Rfb1 Raa3 59. Rd1
h6 60. Rbd2 Qg5 61. Rf1 f6 62. Rdd1 Ra2 63. Ra1 b3 64. Rxa2 bxa2 65. Nf4 exf4
66. gxf4 Qh4 67. Qd1 Qh3 68. d4 0-1

[Event "4. Open Hotel Avenida de Canarias 2010"]
[Site "Vecindario ESP"]
[Date "2010.07.25"]
[Round "9.29"]
[White "Reyes Hidalgo, Alejandro"]
[Black "Mayor Gonzalez, Julio"]
[Result "0-1"]
[WhiteElo "1613"]
[BlackElo "1918"]
[PlyCount "38"]
[EventDate "2010.07.18"]
[EventType "swiss"]
[EventRounds "9"]
[EventCountry "ESP"]
[Source "lmi"]
[SourceDate "2010.07.18"]

1. d4 Nf6 2. c4 e6 3. Nc3 d5 4. Bf4 Bd6 5. Bxd6 Qxd6 6. e3 O-O 7. Nf3 Nbd7 8.
c5 Qe7 9. Nb5 Ne8 10. Bd3 c6 11. Nc3 e5 12. Bf5 exd4 13. Nxd4 Nxc5 14. O-O Bxf5
15. Nxf5 Qe5 16. Ng3 Nd6 17. Nge2 f5 18. Rc1 Nce4 19. Qb3 Nd2 0-1

[Event "4. Open Hotel Avenida de Canarias 2010"]
[Site "Vecindario ESP"]
[Date "2010.07.25"]
[Round "9.30"]
[White "Guerrero Romero, Antonio"]
[Black "Rodriguez Mellado, Antonio"]
[Result "1/2-1/2"]
[WhiteElo "1911"]
[BlackElo "1716"]
[PlyCount "51"]
[EventDate "2010.07.18"]
[EventType "swiss"]
[EventRounds "9"]
[EventCountry "ESP"]
[Source "lmi"]
[SourceDate "2010.07.18"]

1. d4 d5 2. c4 e6 3. g3 Nf6 4. Bg2 Nc6 5. Nf3 Be7 6. O-O O-O 7. Nc3 h6 8. Ne5
Bd7 9. cxd5 exd5 10. Nxd5 Nxd5 11. Bxd5 Nxe5 12. dxe5 Bh3 13. Bg2 Qc8 14. Qb3
Bxg2 15. Kxg2 c5 16. e4 Qc6 17. Qc4 b5 18. Qd5 Qb6 19. Be3 Rad8 20. Qb3 Qc6 21.
f3 c4 22. Qc2 a6 23. Rad1 Qe6 24. Rxd8 Rxd8 25. Rd1 Rxd1 26. Qxd1 1/2-1/2

[Event "4. Open Hotel Avenida de Canarias 2010"]
[Site "Vecindario ESP"]
[Date "2010.07.25"]
[Round "9.31"]
[White "Rodriguez Perez, Jezabel"]
[Black "Caritg Creus, Carlos"]
[Result "1-0"]
[WhiteElo "1905"]
[BlackElo "1704"]
[PlyCount "83"]
[EventDate "2010.07.18"]
[EventType "swiss"]
[EventRounds "9"]
[EventCountry "ESP"]
[Source "lmi"]
[SourceDate "2010.07.18"]

1. Nf3 Nf6 2. d4 e6 3. Bf4 c5 4. c3 Nc6 5. e3 cxd4 6. exd4 Be7 7. Bd3 O-O 8. h3
a6 9. Nbd2 b5 10. a3 Bb7 11. O-O Rc8 12. Qe2 Qb6 13. Ne5 d6 14. Ng4 Nb8 15.
Nxf6+ Bxf6 16. Ne4 Be7 17. Ng5 Bxg5 18. Bxg5 Rce8 19. Qh5 f5 20. Rae1 Qc6 21.
f3 Qd7 22. Re2 Qf7 23. Qxf7+ Kxf7 24. Rfe1 Bd5 25. Bf4 Rd8 26. a4 Rfe8 27. axb5
axb5 28. Bxb5 Bc6 29. Bxc6 Nxc6 30. Ra1 e5 31. d5 Ne7 32. Bg5 Kg6 33. Bh4 Kh5
34. Bxe7 Rxe7 35. Ra6 e4 36. Kf2 g5 37. fxe4 fxe4 38. Ke3 Kg6 39. Kd4 Kf5 40.
Rf2+ Kg6 41. g4 Re5 42. Re2 1-0

[Event "4. Open Hotel Avenida de Canarias 2010"]
[Site "Vecindario ESP"]
[Date "2010.07.25"]
[Round "9.33"]
[White "Marrero Lopez, Agustin"]
[Black "Jimenez Mendoza, Jose Miguel"]
[Result "1/2-1/2"]
[WhiteElo "1869"]
[BlackElo "1696"]
[PlyCount "37"]
[EventDate "2010.07.18"]
[EventType "swiss"]
[EventRounds "9"]
[EventCountry "ESP"]
[Source "lmi"]
[SourceDate "2010.07.18"]

1. d4 d5 2. c4 e6 3. cxd5 exd5 4. Nf3 Nf6 5. Nc3 Bf5 6. Qb3 b6 7. Bg5 c5 8. e3
Nbd7 9. Ne5 Rc8 10. Nxd7 Bxd7 11. g3 Be7 12. Bg2 h6 13. Bxf6 Bxf6 14. O-O O-O
15. Rac1 Re8 16. Qc2 Qe7 17. a3 h5 18. b4 b5 19. Qd3 1/2-1/2